Enter The Wu-Tang (36 Chambers) Tracklist - Statistics

General Stats
  • This quiz has been taken 128 times
  • The average score is 7 of 12
Answer Stats
Answer % Correct
C.R.E.A.M. (Cash Rules Everything Around Me)
95%
Method Man
85%
Protect Ya Neck
83%
Tearz
69%
Shame On a N****
65%
Clan In Da Front
63%
Bring Da Ruckus
61%
Da Mystery of Chessboxin'
59%
Can It Be All So Simple/Intermission
44%
Wu-Tang: 7th Chamber
44%
Wu-Tang: 7th Chamber-Part II
44%
Wu-Tang Clan Ain't Nuthing ta F' Wit
19%
No matching quizzes found
Score Distribution
Percent of People with Each Score
Percentile by Number Answered
Your Score History
You have not taken this quiz